|
|
|
|
| LEADER |
00000nab a2200000uu 4500 |
| 001 |
vtls011141753 |
| 003 |
SK-MaSNL |
| 005 |
20260303111052.0 |
| 008 |
230121|1958 xo |||||||||||||||||cze| |
| 015 |
|
|
|a SNBRB
|
| 035 |
|
|
|a (urnnbn)urn:nbn:sk:snk:ar-008crw
|
| 035 |
|
|
|a (uuid)38628c7d-87eb-47ce-90a4-d95100f3a7d8
|
| 035 |
|
|
|a urn:nbn:sk:snk-abate2
|
| 040 |
|
|
|a SNKBUCL
|b slo
|c SNKBUCL
|e AACR2
|
| 041 |
0 |
|
|a cze
|
| 044 |
|
|
|a xo
|c SK
|
| 100 |
1 |
|
|a Blatný, L.
|4 aut
|9 1123342
|
| 245 |
1 |
0 |
|a JEŠTĚ O PŘEDKRESLOVÁNÍ DĚTEM PŘEDŠKOLNÍHO VĚKU
|c L. Blatný
|
| 773 |
0 |
|
|t Předškolní výchova
|g Roč. 12, č. 1 (1958), s. 29-31
|
| 954 |
|
|
|a odborná, vedecká literatúra cudzojazyčná (svetová)
|2 lita
|
| 958 |
|
|
|a OND
|
| 958 |
|
|
|a EUIPO
|
| 958 |
|
|
|a article14
|
| 999 |
|
|
|c 1874644
|d 1876574
|